000
00281nam a2200121Ia 4500
005
20251222144901.0
008
251222s9999||||xx |||||||||||||| ||spa||
020
_a
84-226-4144-5
082
_a
868.6/M26
100
_a
"MarĂas, Javier "
245
0
_a
Todas las Almas
942
_c
LIB
999
_c
21995
_d
21995